| 000 | 00338nam a22001337a 4500 | ||
|---|---|---|---|
| 008 | 250312b |||||||| |||| 00| 0 eng d | ||
| 020 | _a0706923677 | ||
| 050 |
_aHC305 _b.A83 |
||
| 100 | _aAWASTHI, KS | ||
| 245 | _aEconomic Development and Planning | ||
| 260 |
_aIndia _bVikas Publishing House Pvt. _c1983 |
||
| 300 | _a585p. | ||
| 942 | _cBK | ||
| 999 |
_c2265 _d2265 |
||